Политехнический сегодня и завтра; Мы из Томского политехнического: воспоминания, размышления

التفاصيل البيبلوغرافية
Parent link:Мы из Томского политехнического: воспоминания, размышления.— 2000.— С. 5-14
المؤلف الرئيسي: Похолков Ю. П. Юрий Петрович
اللغة:الروسية
منشور في: 2000
الموضوعات:
التنسيق: فصل الكتاب
KOHA link:https://koha.lib.tpu.ru/cgi-bin/koha/opac-detail.pl?biblionumber=247099

MARC

LEADER 00000naa2a2200000 4500
001 247099
005 20240914063139.0
035 |a (RuTPU)RU\TPU\book\268572 
035 |a RU\TPU\book\256605 
090 |a 247099 
100 |a 20131216d2000 k y0rusy50 ca 
101 0 |a rus 
102 |a RU 
200 1 |a Политехнический сегодня и завтра  |f Ю. П. Похолков 
463 1 |0 (RuTPU)RU\TPU\book\22990  |t Мы из Томского политехнического: воспоминания, размышления  |f Томский политехнический университет (ТПУ) ; под ред. М. Г. Николаева  |v С. 5-14  |d 2000  |p 235 с. 
610 1 |a труды учёных ТПУ 
700 1 |a Похолков  |b Ю. П.  |c специалист в области электротехники, доктор технических наук  |c ректор Томского политехнического университета (1990-2008), профессор  |f 1939-  |g Юрий Петрович  |x TPU  |y Томск  |3 (RuTPU)RU\TPU\pers\10508  |9 2235 
801 1 |a RU  |b 63413507  |c 20130410 
801 2 |a RU  |b 63413507  |c 20131216  |g RCR 
942 |c BK